[Event "Scarborough CC Howard Ridout"]
[Site "Toronto CAN"]
[Date "2011.09.15"]
[Round "2"]
[White "Casareno, Erwin"]
[Black "Paterson, Jim"]
[Result "1/2-1/2"]
[WhiteElo "2218"]
[BlackElo "1827"]
[PlyCount "163"]
[GameId "2160767909648584"]
[EventDate "2011.09.08"]
[EventType "swiss"]
[EventRounds "6"]
[EventCountry "CAN"]

1. e4 Nf6 2. e5 Nd5 3. Bc4 Nb6 4. Bb3 d6 5. Qf3 e6 6. d4 Nc6 7. Qf4 dxe5 8. dxe5 Qd4 9. Nf3 Qxf4 10. Bxf4 Be7 11. O-O O-O 12. Nc3 a6 13. a3 Na5 14. Ba2 Nac4 15. Rab1 Rd8 16. a4 h6 17. h4 Bb4 18. Ne4 Bd7 19. c3 Be7 20. b3 Bc6 21. Rfe1 Na3 22. Rbc1 a5 23. g3 Rd3 24. Nd4 Bd5 25. Nb5 Nxb5 26. axb5 a4 27. Bb1 Bxe4 28. Rxe4 Rd7 29. bxa4 Rxa4 30. Bc2 Ra3 31. Bd1 Bc5 32. Be3 Bxe3 33. Rxe3 Rd2 34. Re2 Rd5 35. c4 Rc5 36. Re4 Nd7 37. f4 Rxg3+ 38. Kf2 Rh3 39. Rd4 Nb6 40. Bf3 Rh2+ 41. Kg3 Rb2 42. Rd8+ Kh7 43. Bxb7 Rbxb5 44. Be4+ g6 45. h5 Rb3+ 46. Kg4 Re3 47. hxg6+ fxg6 48. Bd3 Ra5 49. c5 Ra2 50. Rg1 Nd5 51. Rd7+ Kg8 52. Bxg6 Rf2 53. Bf7+ Kf8 54. Bxe6 Rxf4+ 55. Kh5 Rxe5+ 56. Kxh6 Rf6+ 57. Rg6 Rfxe6 58. Rxe6 Rxe6+ 59. Kg5 Re5+ 60. Kg6 Ke8 61. c6 Nf4+ 62. Kf6 Re6+ 63. Kf5 Rxc6 64. Rh7 Ne6 65. Ke5 Nf8 66. Rg7 Re6+ 67. Kd5 Re7 68. Rg8 Rf7 69. Kc6 Kd8 70. Rg5 Rf6+ 71. Kd5 Ke7 72. Rg7+ Rf7 73. Rg5 Kd7 74. Rh5 Ne6 75. Rh4 Rf5+ 76. Ke4 Ra5 77. Rh1 c6 78. Rd1+ Ke7 79. Rh1 Kd6 80. Rd1+ Rd5 81. Rh1 Rd4+ 82. Ke3 1/2-1/2

[Event "Scarborough CC Howard Ridout"]
[Site "Toronto CAN"]
[Date "2011.09.15"]
[Round "2"]
[White "Krupka, David"]
[Black "Stavropoulos, Greg"]
[Result "1/2-1/2"]
[WhiteElo "2002"]
[BlackElo "1850"]
[PlyCount "54"]
[GameId "2160767909648585"]
[EventDate "2011.09.08"]
[EventType "swiss"]
[EventRounds "6"]
[EventCountry "CAN"]

1. d4 Nf6 2. c4 c5 3. e3 g6 4. Nf3 Bg7 5. Nc3 O-O 6. Be2 cxd4 7. exd4 d5 8. O-O Nc6 9. h3 h6 10. Be3 Be6 11. c5 Kh7 12. a3 Ne4 13. Rc1 f5 14. Bf4 Bf7 15. b4 Nxd4 16. Nxd4 e5 17. Nxe4 fxe4 18. Be3 exd4 19. Bxd4 Rc8 20. f3 Be6 21. Qd2 Qg5 22. Be3 Qe5 23. Rcd1 Rcd8 24. Bd4 Qg3 25. Bf2 Qe5 26. Bd4 Qg3 27. Bf2 Qe5 1/2-1/2

[Event "Scarborough CC Howard Ridout"]
[Site "Toronto CAN"]
[Date "2011.09.15"]
[Round "2"]
[White "Lamb, Bryan"]
[Black "Huston, Scott"]
[Result "1-0"]
[WhiteElo "2145"]
[BlackElo "1857"]
[PlyCount "23"]
[GameId "2160767909648586"]
[EventDate "2011.09.08"]
[EventType "swiss"]
[EventRounds "6"]
[EventCountry "CAN"]

1. c4 Nf6 2. Nc3 e6 3. e4 Nc6 4. d4 d5 5. e5 Ne4 6. Nxe4 dxe4 7. Ne2 Bb4+ 8. Bd2 b6 9. Bxb4 Nxb4 10. Qa4+ Nc6 11. Qxc6+ Bd7 12. Qxe4 1-0

[Event "Scarborough CC Howard Ridout"]
[Site "Toronto CAN"]
[Date "2011.09.15"]
[Round "2"]
[White "Song, Lin"]
[Black "Fan, Yibing"]
[Result "1-0"]
[WhiteElo "1837"]
[BlackElo "1727"]
[PlyCount "43"]
[GameId "2160767909648587"]
[EventDate "2011.09.08"]
[EventType "swiss"]
[EventRounds "6"]
[EventCountry "CAN"]

1. e4 c5 2. Nf3 Nc6 3. d4 cxd4 4. Nxd4 Nf6 5. Nc3 d6 6. Bg5 e6 7. Ndb5 a6 8. Bxf6 gxf6 9. Nd4 Bd7 10. Nf3 Qb6 11. Rb1 Be7 12. Bd3 Nb4 13. Be2 h5 14. a3 Nc6 15. Nd2 h4 16. Nc4 Qd4 17. h3 b5 18. Ne3 Bc8 19. Bd3 Bb7 20. Qd2 Ne5 21. Bxb5+ axb5 22. Qxd4 1-0

[Event "Scarborough CC Howard Ridout"]
[Site "Toronto CAN"]
[Date "2011.09.15"]
[Round "2"]
[White "Ward, Dean"]
[Black "Moran-Venegas, Mario"]
[Result "1/2-1/2"]
[WhiteElo "1842"]
[BlackElo "1765"]
[PlyCount "109"]
[GameId "2160767909648589"]
[EventDate "2011.09.08"]
[EventType "swiss"]
[EventRounds "6"]
[EventCountry "CAN"]

1. d4 Nf6 2. c4 g6 3. Nc3 d5 4. cxd5 Nxd5 5. e4 Nxc3 6. bxc3 Bg7 7. Bc4 c5 8. Ne2 O-O 9. O-O Nc6 10. Be3 cxd4 11. cxd4 Na5 12. Bd3 b6 13. Rc1 Bb7 14. d5 Rc8 15. Bd2 Rxc1 16. Nxc1 f5 17. Bxa5 bxa5 18. Qb3 Qb6 19. exf5 gxf5 20. Bc4 Kh8 21. Ne2 Qxb3 22. axb3 Rc8 23. Nc1 a4 24. Re1 Bf6 25. h3 a5 26. Bd3 Bxd5 27. bxa4 e6 28. Bb5 Bc3 29. Rd1 Bc4 30. Bxc4 Rxc4 31. Nd3 Rxa4 32. Nc5 Ra1 33. Rxa1 Bxa1 34. Nxe6 a4 35. Nc5 a3 36. Nb3 Bb2 37. Kh2 a2 38. Kg3 Kg7 39. Kf4 Kg6 40. g4 Bc1+ 41. Kg3 fxg4 42. hxg4 Kg5 43. f3 Bf4+ 44. Kh3 h6 45. Na1 Be5 46. Nb3 a1=Q 47. Nxa1 Bxa1 48. Kg3 Be5+ 49. Kf2 Kf4 50. Kg2 Bd4 51. Kh3 Kxf3 52. Kh2 Be5+ 53. Kh1 Kg3 54. Kg1 Bf4 55. Kh1 1/2-1/2

[Event "Scarborough CC Howard Ridout"]
[Site "Toronto CAN"]
[Date "2011.09.15"]
[Round "2"]
[White "Wiebe, Daniel"]
[Black "Armstrong, Robert J"]
[Result "1-0"]
[WhiteElo "1996"]
[BlackElo "1712"]
[PlyCount "57"]
[GameId "2160767909648590"]
[EventDate "2011.09.08"]
[EventType "swiss"]
[EventRounds "6"]
[EventCountry "CAN"]

1. e4 g6 2. d4 Bg7 3. f4 d6 4. Nf3 Nf6 5. Nc3 O-O 6. Bd3 c5 7. d5 a6 8. a4 Qc7 9. Qe2 e5 10. fxe5 dxe5 11. O-O Ne8 12. d6 Nxd6 13. Nd5 Qd8 14. Be3 b6 15. a5 bxa5 16. Bxc5 Nc6 17. Nb6 Rb8 18. Nxc8 Rxc8 19. Bxa6 Rb8 20. Rfd1 Nd4 21. Nxd4 exd4 22. e5 Nf5 23. Bxf8 Bxf8 24. e6 fxe6 25. Qxe6+ Kh8 26. Bc4 Bg7 27. b3 Ne3 28. Rd2 Rb6 29. Qxe3 1-0

[Event "Scarborough CC Howard Ridout"]
[Site "Toronto CAN"]
[Date "2011.09.29"]
[Round "3"]
[White "Fan, Yibing"]
[Black "Armstrong, Robert J"]
[Result "0-1"]
[WhiteElo "1725"]
[BlackElo "1712"]
[PlyCount "74"]
[GameId "2160767909648592"]
[EventDate "2011.09.08"]
[EventType "swiss"]
[EventRounds "6"]
[EventCountry "CAN"]

1. d4 g6 2. c4 Bg7 3. Nc3 Nf6 4. e4 d6 5. Nge2 O-O 6. Ng3 Nc6 7. d5 Nb4 8. a3 Na6 9. Be2 c6 10. h4 h5 11. Nf1 Qa5 12. Bd2 Qb6 13. Rb1 Nc5 14. Be3 Qc7 15. f3 a6 16. b4 Ncd7 17. Rc1 cxd5 18. Nxd5 Nxd5 19. cxd5 Qd8 20. Qc2 Ne5 21. Nh2 e6 22. Bg5 f6 23. Bf4 exd5 24. Qb3 Be6 25. exd5 Bf5 26. g4 hxg4 27. Nxg4 Nxg4 28. fxg4 Be4 29. Bf3 Re8 30. Kf2 f5 31. g5 Qb6+ 32. Kg3 Be5 33. Rhe1 Bxf4+ 34. Kxf4 Qf2 35. Rh1 Bxf3 36. Qd3 Bxh1+ 37. Qf3 Re4# 0-1

[Event "Scarborough CC Howard Ridout"]
[Site "Toronto CAN"]
[Date "2011.09.29"]
[Round "3"]
[White "Huston, Scott"]
[Black "Paterson, Jim"]
[Result "0-1"]
[WhiteElo "1857"]
[BlackElo "1827"]
[PlyCount "42"]
[GameId "2160767909648593"]
[EventDate "2011.09.08"]
[EventType "swiss"]
[EventRounds "6"]
[EventCountry "CAN"]

1. d4 e6 2. c4 Nf6 3. Nf3 c5 4. Bg5 cxd4 5. Nxd4 Qa5+ 6. Bd2 Bb4 7. Qb3 Bxd2+ 8. Nxd2 Ne4 9. Rd1 Nc6 10. Nxc6 bxc6 11. f3 Nxd2 12. Rxd2 O-O 13. e4 Ba6 14. a3 d5 15. cxd5 Bxf1 16. Rxf1 cxd5 17. exd5 exd5 18. Qxd5 Rfe8+ 19. Kf2 Qb6+ 20. Kg3 Rad8 21. Re1 Qb8+ 0-1

[Event "Scarborough CC Howard Ridout"]
[Site "Toronto CAN"]
[Date "2011.09.29"]
[Round "3"]
[White "Krupka, David"]
[Black "Sharpe, Sam"]
[Result "1/2-1/2"]
[WhiteElo "2002"]
[BlackElo "1914"]
[PlyCount "61"]
[GameId "2160767909648594"]
[EventDate "2011.09.08"]
[EventType "swiss"]
[EventRounds "6"]
[EventCountry "CAN"]

1. d4 Nf6 2. c4 c5 3. e3 e6 4. Nc3 d5 5. Nf3 Nc6 6. a3 a6 7. h3 h6 8. cxd5 exd5 9. Bd3 cxd4 10. exd4 Bd6 11. O-O O-O 12. Be3 Be6 13. Qd2 Re8 14. Rac1 Rc8 15. Rfe1 Na5 16. Rc2 Nc4 17. Qc1 Nxe3 18. fxe3 Re7 19. e4 dxe4 20. Nxe4 Rec7 21. Rxc7 Rxc7 22. Nxf6+ Qxf6 23. Qe3 Qf4 24. Qxf4 Bxf4 25. d5 Bd7 26. Ne5 Kf8 27. d6 Bxe5 28. dxc7 Bxc7 29. Be4 b6 30. Bf3 a5 31. Bd5 1/2-1/2

[Event "Scarborough CC Howard Ridout"]
[Site "Toronto CAN"]
[Date "2011.09.29"]
[Round "3"]
[White "Manalo, Pepin"]
[Black "Wiebe, Daniel"]
[Result "1-0"]
[WhiteElo "1820"]
[BlackElo "1996"]
[PlyCount "45"]
[GameId "2160767909648595"]
[EventDate "2011.09.08"]
[EventType "swiss"]
[EventRounds "6"]
[EventCountry "CAN"]

1. d4 Nf6 2. Nc3 g6 3. e4 d6 4. Be2 Bg7 5. Be3 O-O 6. g4 e5 7. d5 Na6 8. g5 Ne8 9. h4 f5 10. gxf6 Bxf6 11. Nf3 Bg4 12. Ng5 Bd7 13. Qd2 c6 14. h5 h6 15. dxc6 Bxg5 16. Bc4+ Kg7 17. cxd7 Bxe3 18. dxe8=N+ Rxe8 19. Qxe3 g5 20. O-O-O Rc8 21. Bxa6 bxa6 22. Qxa7+ Re7 23. Qxa6 1-0

[Event "Scarborough CC Howard Ridout"]
[Site "Toronto CAN"]
[Date "2011.09.29"]
[Round "3"]
[White "Moran-Venegas, Mario"]
[Black "Morra, Lui"]
[Result "1-0"]
[WhiteElo "1765"]
[BlackElo "1755"]
[PlyCount "95"]
[GameId "2160767909648596"]
[EventDate "2011.09.08"]
[EventType "swiss"]
[EventRounds "6"]
[EventCountry "CAN"]

1. e4 c5 2. Nf3 e6 3. d4 cxd4 4. Nxd4 a6 5. Nc3 Qc7 6. Be2 Nf6 7. O-O Be7 8. Be3 d6 9. f4 Nbd7 10. Qd2 b5 11. a3 Bb7 12. Bf3 Nc5 13. e5 dxe5 14. fxe5 Nfd7 15. b4 Bxf3 16. Nxf3 Nb7 17. Rad1 Rd8 18. Qd4 O-O 19. Bf4 Nb6 20. Qe4 Nc4 21. Nb1 Qb6+ 22. Kh1 Nb2 23. Rxd8 Rxd8 24. Be3 Qc7 25. Ng5 Bxg5 26. Bxg5 Rd5 27. Qf3 Rd7 28. c3 Qxe5 29. Bf4 Qf5 30. Qc6 Qd5 31. Qxa6 Qd1 32. Qxb5 Qd3 33. Qxd3 Rxd3 34. h3 f6 35. Kh2 e5 36. Bg3 e4 37. Rf2 Rd1 38. Rxb2 f5 39. Nd2 g5 40. Nxe4 fxe4 41. Re2 h5 42. Rxe4 h4 43. Bc7 Rd3 44. Re8+ Kf7 45. Rb8 g4 46. Rxb7 g3+ 47. Bxg3+ Ke6 48. Bxh4 1-0

[Event "Scarborough CC Howard Ridout"]
[Site "Toronto CAN"]
[Date "2011.09.29"]
[Round "3"]
[White "Picana, Andrew"]
[Black "Song, Lin"]
[Result "0-1"]
[WhiteElo "2073"]
[BlackElo "1837"]
[PlyCount "98"]
[GameId "2160767909648597"]
[EventDate "2011.09.08"]
[EventType "swiss"]
[EventRounds "6"]
[EventCountry "CAN"]

1. Nf3 Nf6 2. c4 g6 3. Nc3 Bg7 4. g3 Nc6 5. Bg2 Rb8 6. O-O O-O 7. d4 b6 8. Bf4 Nh5 9. Bg5 h6 10. Be3 Bb7 11. Qd2 Kh7 12. Rac1 d6 13. g4 Nf6 14. h3 Nd7 15. Rfd1 e5 16. dxe5 Ncxe5 17. b3 Nxf3+ 18. exf3 Ne5 19. Nd5 f5 20. f4 Nf7 21. gxf5 gxf5 22. Kh2 Nh8 23. Rg1 Ng6 24. Bh1 Ne7 25. Rxg7+ Kxg7 26. Qd4+ Kh7 27. Nf6+ Rxf6 28. Qxf6 Bxh1 29. Rg1 Qf8 30. Qe6 Bb7 31. Bd4 Bc8 32. Qe2 Ng6 33. Qf3 Qf7 34. Bb2 Bb7 35. Qc3 Rg8 36. Qg3 Ne5 37. Qxg8+ Qxg8 38. fxe5 Qd8 39. e6 Qe7 40. Rg7+ Qxg7 41. Bxg7 Kxg7 42. Kg3 Kf6 43. Kh4 Kxe6 44. Kh5 Be4 45. Kxh6 Kf6 46. Kh7 Kg5 47. Kg7 Kh4 48. Kf6 Kxh3 49. a3 Kg4 0-1

[Event "Scarborough CC Howard Ridout"]
[Site "Toronto CAN"]
[Date "2011.09.29"]
[Round "3"]
[White "Stavropoulos, Greg"]
[Black "Southam, David"]
[Result "1/2-1/2"]
[WhiteElo "1850"]
[BlackElo "2102"]
[PlyCount "65"]
[GameId "2160767909648598"]
[EventDate "2011.09.08"]
[EventType "swiss"]
[EventRounds "6"]
[EventCountry "CAN"]

1. Nf3 Nf6 2. c4 g6 3. g3 Bg7 4. Bg2 O-O 5. O-O d6 6. Nc3 e5 7. d3 Nh5 8. Rb1 a5 9. a3 f5 10. Bg5 Nf6 11. Qd2 Be6 12. Nd5 Nbd7 13. Ne1 c6 14. Nxf6+ Bxf6 15. Bxf6 Rxf6 16. Nf3 a4 17. Ng5 Nc5 18. Nxe6 Rxe6 19. Qc3 Qa5 20. Rfd1 Qxc3 21. bxc3 Nb3 22. Rb2 Rae8 23. e3 f4 24. e4 R6e7 25. gxf4 exf4 26. Bf3 Kf8 27. Rdb1 Nc5 28. Rd2 h6 29. Bd1 g5 30. Rb4 Kg7 31. f3 h5 32. d4 Ne6 33. Rxa4 1/2-1/2

[Event "Scarborough CC Howard Ridout"]
[Site "Toronto CAN"]
[Date "2011.09.29"]
[Round "3"]
[White "Uddin, Mohammad"]
[Black "Ward, Dean"]
[Result "1-0"]
[WhiteElo "1778"]
[BlackElo "1842"]
[PlyCount "53"]
[GameId "2160767909648599"]
[EventDate "2011.09.08"]
[EventType "swiss"]
[EventRounds "6"]
[EventCountry "CAN"]

1. e4 c5 2. Nf3 d6 3. d4 cxd4 4. Nxd4 Nf6 5. Nc3 g6 6. Be3 Bg7 7. f3 Nc6 8. Qd2 h5 9. O-O-O Nd7 10. Kb1 Nb6 11. f4 Bg4 12. Re1 a6 13. f5 h4 14. fxg6 fxg6 15. h3 Bd7 16. Nxc6 Bxc6 17. Bd3 Qc7 18. Nd5 Nxd5 19. exd5 Bxd5 20. Bxg6+ Bf7 21. Bxf7+ Kxf7 22. Qd5+ Ke8 23. Bg5 Be5 24. Rhf1 Rc8 25. c3 Qc6 26. Qf7+ Kd8 27. Qxe7# 1-0

[Event "Scarborough CC Howard Ridout"]
[Site "Toronto CAN"]
[Date "2011.09.29"]
[Round "3"]
[White "Ugodnikov, Arkadiy"]
[Black "Casareno, Erwin"]
[Result "0-1"]
[WhiteElo "1842"]
[BlackElo "2218"]
[PlyCount "52"]
[GameId "2160767909648600"]
[EventDate "2011.09.08"]
[EventType "swiss"]
[EventRounds "6"]
[EventCountry "CAN"]

1. e4 c5 2. Nf3 d6 3. Bb5+ Nc6 4. Bxc6+ bxc6 5. d3 e5 6. h3 f5 7. Nc3 Be7 8. Qe2 Nf6 9. Bg5 O-O 10. O-O Rb8 11. Rab1 Qe8 12. Nd2 Qg6 13. Bxf6 gxf6 14. Qe3 Kh8 15. Qg3 Qh6 16. Na4 Rg8 17. Qh2 fxe4 18. Kh1 exd3 19. cxd3 Bf5 20. Rfd1 d5 21. Nc3 Be6 22. Ne2 Rb4 23. Ng3 Rf4 24. Rf1 d4 25. Nc4 Rh4 26. Kg1 e4 0-1

[Event "Scarborough CC Howard Ridout"]
[Site "Toronto CAN"]
[Date "2011.10.13"]
[Round "4"]
[White "Bao, Stephen"]
[Black "Wu, Kevin"]
[Result "1-0"]
[WhiteElo "1820"]
[BlackElo "2033"]
[PlyCount "51"]
[GameId "2160767909648601"]
[EventDate "2011.09.08"]
[EventType "swiss"]
[EventRounds "6"]
[EventCountry "CAN"]

1. d4 Nf6 2. c4 g6 3. Nc3 Bg7 4. e4 d6 5. Be2 O-O 6. Bg5 Nc6 7. Nf3 h6 8. Be3 Ng4 9. Bc1 e5 10. d5 Ne7 11. h3 Nf6 12. Be3 Nd7 13. Qd2 Kh7 14. g3 a5 15. h4 Nc5 16. h5 g5 17. g4 Kg8 18. Nxg5 hxg5 19. Bxg5 f6 20. h6 fxg5 21. hxg7 Kxg7 22. Qxg5+ Ng6 23. Qh6+ Kf7 24. Qh7+ Ke8 25. Qxg6+ Rf7 26. Rh8+ 1-0

[Event "Scarborough CC Howard Ridout"]
[Site "Toronto CAN"]
[Date "2011.10.13"]
[Round "4"]
[White "Casareno, Erwin"]
[Black "Manalo, Pepin"]
[Result "1-0"]
[WhiteElo "2218"]
[BlackElo "1820"]
[PlyCount "51"]
[GameId "2160767909648602"]
[EventDate "2011.09.08"]
[EventType "swiss"]
[EventRounds "6"]
[EventCountry "CAN"]

1. d4 Nf6 2. c4 e6 3. Nf3 b6 4. Nc3 Ba6 5. e4 Bb4 6. e5 Ne4 7. Qc2 f5 8. exf6 Nxf6 9. Bg5 O-O 10. Bd3 Qe8 11. Bxf6 Rxf6 12. Bxh7+ Kf8 13. Ne5 Qh5 14. Be4 Bxc3+ 15. Qxc3 d5 16. Bf3 Qf5 17. cxd5 exd5 18. Qxc7 Nc6 19. Nd7+ Kg8 20. Nxf6+ Qxf6 21. Bxd5+ Kh8 22. Qxc6 Qe7+ 23. Be6 Rc8 24. Qe4 Qb4+ 25. Kd1 Qe7 26. Qe3 1-0

[Event "Scarborough CC Howard Ridout"]
[Site "Toronto CAN"]
[Date "2011.10.13"]
[Round "4"]
[White "Huston, Scott"]
[Black "Moran-Venegas, Mario"]
[Result "0-1"]
[WhiteElo "1857"]
[BlackElo "1765"]
[PlyCount "120"]
[GameId "2160767909648603"]
[EventDate "2011.09.08"]
[EventType "swiss"]
[EventRounds "6"]
[EventCountry "CAN"]

1. d4 Nf6 2. c4 g6 3. Nc3 d5 4. Bg5 Ne4 5. Bf4 Nxc3 6. bxc3 Bg7 7. Nf3 c5 8. Bxb8 Rxb8 9. Qa4+ Bd7 10. Qxa7 cxd4 11. Nxd4 dxc4 12. e3 O-O 13. Be2 Qc7 14. Qa3 e5 15. Nf3 Ra8 16. Qb2 Ra4 17. O-O Rfa8 18. Rfd1 Bc6 19. Nd2 b5 20. Bf3 Bxf3 21. Nxf3 Qa5 22. e4 Ra3 23. Qd2 Rxc3 24. Qd5 b4 25. Qb7 Rd3 26. Ng5 Rxd1+ 27. Rxd1 Rf8 28. h3 c3 29. Rd7 c2 30. Rxf7 c1=Q+ 31. Kh2 Qf4+ 32. Rxf4 Rxf4 33. Qc8+ Rf8 34. Qe6+ Kh8 35. Nf7+ Rxf7 36. Qxf7 Qa8 37. g4 Qf8 38. Qa7 Qf4+ 39. Kg1 h6 40. Qb6 Qxe4 41. Qe6 Kh7 42. h4 Qf4 43. h5 gxh5 44. gxh5 Qg5+ 45. Kf1 Qxh5 46. Qb3 Qh1+ 47. Ke2 Qe4+ 48. Kf1 Qd4 49. Qc2+ e4 50. Qc8 Qd3+ 51. Kg2 Qf3+ 52. Kf1 h5 53. Qd8 e3 54. Qd3+ Kh8 55. Qd8+ Qf8 56. Qxf8+ Bxf8 57. fxe3 Kg7 58. Kf2 Kf6 59. Kf3 Ke5 60. Kg3 Be7 0-1

[Event "Scarborough CC Howard Ridout"]
[Site "Toronto CAN"]
[Date "2011.10.13"]
[Round "4"]
[White "Paterson, Jim"]
[Black "Bellissimo, Joseph"]
[Result "1/2-1/2"]
[WhiteElo "1827"]
[BlackElo "1895"]
[PlyCount "121"]
[GameId "2160767909648604"]
[EventDate "2011.09.08"]
[EventType "swiss"]
[EventRounds "6"]
[EventCountry "CAN"]

1. e4 e6 2. Qe2 c5 3. c3 Nc6 4. Nf3 Be7 5. g3 d5 6. d3 Nf6 7. Bg2 O-O 8. O-O d4 9. Bd2 e5 10. h3 Qb6 11. b3 Be6 12. Na3 Qa5 13. cxd4 Qxa3 14. d5 Nxd5 15. exd5 Bxd5 16. Bc3 Bxf3 17. Bxf3 Bd6 18. Bd5 Qa6 19. Rfd1 Qb6 20. Kh1 Qc7 21. Rf1 Ne7 22. Bc4 b5 23. Bxb5 Qb7+ 24. Qe4 Qxb5 25. Bxe5 Bxe5 26. Qxe5 Nc6 27. Qc3 Rad8 28. Rac1 Nb4 29. Qxc5 Qb7+ 30. Kg1 Nxd3 31. Qc7 Qa6 32. Qc4 Qh6 33. Rcd1 Ne5 34. Qc7 Rde8 35. Kg2 Qc6+ 36. Qxc6 Nxc6 37. Rd6 Re6 38. Rd5 Rd8 39. Rc5 f6 40. Rfc1 Rdd6 41. a3 Nd4 42. Rc8+ Kf7 43. R1c7+ Re7 44. b4 Nb5 45. Rxe7+ Kxe7 46. a4 Nd4 47. b5 Nb3 48. Ra8 Rd7 49. Rb8 Nc5 50. a5 Rb7 51. Rxb7+ Nxb7 52. a6 Na5 53. b6 Nc6 54. bxa7 Nxa7 55. Kf3 Kd6 56. Ke4 Nb5 57. h4 Kc6 58. h5 Nc7 59. a7 Kb7 60. Kf5 Nb5 61. Ke6 1/2-1/2

[Event "Scarborough CC Howard Ridout"]
[Site "Toronto CAN"]
[Date "2011.10.13"]
[Round "4"]
[White "Posaratnanathan, Juliaan"]
[Black "Stavropoulos, Greg"]
[Result "1-0"]
[WhiteElo "1820"]
[BlackElo "1850"]
[PlyCount "77"]
[GameId "2160767909648605"]
[EventDate "2011.09.08"]
[EventType "swiss"]
[EventRounds "6"]
[EventCountry "CAN"]

1. e4 c5 2. Nf3 e6 3. d4 cxd4 4. Nxd4 a6 5. Bd3 Qc7 6. Qe2 d6 7. a4 b6 8. O-O Nf6 9. Bg5 Nbd7 10. Nd2 Bb7 11. Kh1 h6 12. Bh4 Qc5 13. c3 Ne5 14. f4 Nxd3 15. Qxd3 Be7 16. Bf2 Qc7 17. Rfe1 Rc8 18. Nc2 d5 19. e5 Ne4 20. Nxe4 dxe4 21. Qg3 O-O 22. Ne3 Kh7 23. f5 Rg8 24. h4 Bc5 25. Qf4 Rcd8 26. Ng4 Bxf2 27. Nxf2 e3 28. Rxe3 Qc6 29. Rg3 Rdf8 30. Ng4 exf5 31. Qxf5+ Kh8 32. Rd1 Qg6 33. Qd7 Bc8 34. Qd4 Rd8 35. Qxd8 Rxd8 36. Rxd8+ Kh7 37. Nf6+ gxf6 38. Rxg6 fxg6 39. Rxc8 1-0

[Event "Scarborough CC Howard Ridout"]
[Site "Toronto CAN"]
[Date "2011.10.13"]
[Round "4"]
[White "Southam, David"]
[Black "Uddin, Mohammad"]
[Result "1-0"]
[WhiteElo "2102"]
[BlackElo "1778"]
[PlyCount "57"]
[GameId "2160767909648607"]
[EventDate "2011.09.08"]
[EventType "swiss"]
[EventRounds "6"]
[EventCountry "CAN"]

1. d4 Nf6 2. c4 e6 3. Nc3 Bb4 4. e3 b6 5. Nge2 Bb7 6. a3 Be7 7. d5 e5 8. Ng3 O-O 9. Nf5 d6 10. e4 Bc8 11. Nxe7+ Qxe7 12. Bg5 a6 13. Bd3 Nbd7 14. f3 Re8 15. Qd2 Rb8 16. b4 Nf8 17. O-O Ng6 18. Rac1 h6 19. Be3 Nd7 20. Na4 Qh4 21. g3 Qh3 22. Qg2 Qh5 23. Rf2 Ne7 24. g4 Qh4 25. Rfc2 c5 26. dxc6 Nxc6 27. Qf2 Qxf2+ 28. Kxf2 Nf8 29. Nxb6 1-0

[Event "Scarborough CC Howard Ridout"]
[Site "Toronto CAN"]
[Date "2011.10.13"]
[Round "4"]
[White "Triefeldt, Jack"]
[Black "Picana, Andrew"]
[Result "0-1"]
[WhiteElo "1774"]
[BlackElo "2073"]
[PlyCount "87"]
[GameId "2160767909648608"]
[EventDate "2011.09.08"]
[EventType "swiss"]
[EventRounds "6"]
[EventCountry "CAN"]

1. d4 d5 2. e3 e6 3. Bd3 f5 4. f4 Nf6 5. Nf3 Be7 6. O-O O-O 7. c4 c6 8. Nc3 Qe8 9. Ne5 Ne4 10. Nxe4 fxe4 11. Be2 Nd7 12. cxd5 exd5 13. Bd2 Qd8 14. a3 Nf6 15. b4 a6 16. Qe1 Bd7 17. Kh1 Ne8 18. Qd1 Nd6 19. Rc1 Rc8 20. Qb3 Kh8 21. Qd1 Be8 22. Bh5 g6 23. Bg4 Rc7 24. Bh3 Bf6 25. Qg4 Nf5 26. Qe2 Rg7 27. Be1 Qe7 28. g4 Nd6 29. Bg3 h6 30. a4 Kh7 31. Rb1 Bxe5 32. fxe5 Nc4 33. Rxf8 Qxf8 34. Bh4 g5 35. Bg3 Rf7 36. Bg2 Bd7 37. h3 Be6 38. b5 cxb5 39. axb5 a5 40. h4 h5 41. hxg5 hxg4 42. Bf2 a4 43. Kg1 b6 44. Kh2 0-1

[Event "Scarborough CC Howard Ridout"]
[Site "Toronto CAN"]
[Date "2011.10.13"]
[Round "4"]
[White "Ward, Dean"]
[Black "Fan, Yibing"]
[Result "0-1"]
[WhiteElo "1842"]
[BlackElo "1727"]
[PlyCount "58"]
[GameId "2160767909648609"]
[EventDate "2011.09.08"]
[EventType "swiss"]
[EventRounds "6"]
[EventCountry "CAN"]

1. d4 d5 2. Nc3 Nf6 3. Bg5 e6 4. Qd3 Be7 5. Nf3 Nc6 6. a3 a6 7. O-O-O b5 8. Kb1 b4 9. Bxf6 gxf6 10. Na4 Qd6 11. axb4 Qxb4 12. b3 Rb8 13. Nb2 O-O 14. e3 Bd7 15. c4 Qa3 16. Nd2 Nb4 17. Qe2 Rb7 18. Qf3 Rfb8 19. cxd5 Qa2+ 20. Kc1 Qa1+ 21. Nb1 Na2+ 22. Kd2 Qxb2+ 23. Ke1 Nc3 24. Nxc3 Qxc3+ 25. Rd2 Rxb3 26. Bd3 Rb2 27. Qe2 Rb1+ 28. Bxb1 Rxb1+ 29. Qd1 Rxd1+ 0-1

[Event "Scarborough CC Howard Ridout"]
[Site "Toronto CAN"]
[Date "2011.10.20"]
[Round "5"]
[White "Bellissimo, Joseph"]
[Black "Moran-Venegas, Mario"]
[Result "1-0"]
[WhiteElo "1895"]
[BlackElo "1765"]
[PlyCount "101"]
[GameId "2160767909648610"]
[EventDate "2011.09.08"]
[EventType "swiss"]
[EventRounds "6"]
[EventCountry "CAN"]

1. e4 c5 2. Nf3 d6 3. d4 cxd4 4. Nxd4 Nf6 5. Nc3 a6 6. Bc4 e6 7. Bb3 Be7 8. f4 Nc6 9. O-O O-O 10. Be3 Na5 11. Qf3 Nxb3 12. cxb3 Rb8 13. Rac1 Bd7 14. f5 b5 15. a3 b4 16. axb4 Rxb4 17. Na2 Rb8 18. b4 a5 19. Bd2 Qb6 20. Be3 Qa6 21. Bd2 Qa7 22. Qe3 e5 23. Nb3 Qxe3+ 24. Bxe3 axb4 25. Nd2 Bb5 26. Rfe1 Ng4 27. Nc4 b3 28. Nb4 Bxc4 29. Rxc4 Nxe3 30. Rxe3 Rb5 31. Nc6 Bg5 32. Rd3 g6 33. Rxd6 gxf5 34. exf5 Be3+ 35. Kf1 Ra8 36. Ke2 Bg1 37. Rg4+ Kf8 38. f6 Rc5 39. Ne7 Rc2+ 40. Kd3 e4+ 41. Rxe4 Rxg2 42. Rh4 Rxh2 43. Rg4 Rh3+ 44. Ke2 Re3+ 45. Kd2 Rxe7 46. fxe7+ Kxe7 47. Rd3 Bc5 48. Rxb3 h6 49. Rb7+ Ke6 50. Re4+ Kf5 51. Rc4 1-0

[Event "Scarborough CC Howard Ridout"]
[Site "Toronto CAN"]
[Date "2011.10.20"]
[Round "5"]
[White "Crnilovic, Grisha"]
[Black "Ward, Dean"]
[Result "0-1"]
[WhiteElo "1692"]
[BlackElo "1842"]
[PlyCount "46"]
[GameId "2160767909648611"]
[EventDate "2011.09.08"]
[EventType "swiss"]
[EventRounds "6"]
[EventCountry "CAN"]

1. e4 c5 2. Nf3 d6 3. d4 cxd4 4. Nxd4 Nf6 5. Nc3 g6 6. f3 Bg7 7. Bc4 Nc6 8. Be3 a6 9. Qd2 O-O 10. Nxc6 bxc6 11. Bh6 e6 12. O-O-O d5 13. Bxg7 Kxg7 14. h4 Qc7 15. h5 dxc4 16. hxg6 fxg6 17. f4 Nh5 18. g4 Nxf4 19. Qh2 Kg8 20. Rdf1 e5 21. Qh6 Bxg4 22. Rfg1 Be6 23. Kb1 Rf6 0-1